000 00455nam a22001577a 4500
005 20260226104132.0
008 260226b |||||||| |||| 00| 0 eng d
041 _aeng
082 _a520.945-SHU-A
100 _aSHUKLA ,K S AND SHARMA ,K .V
_98861
245 _aARYABHATIYA OF ARYABHATA -CRITICALLY EDITED WITH TRANSLATION AND NOTES
260 _aNEW DELHI
_bINDIAN NATIONAL SCIENCE ACADEMY
_c2016
300 _a219;P
650 _aBGP
_98859
942 _cBK
999 _c9034
_d9032